000 00617nam a22001937a 4500
008 151107b xxu||||| |||| 00| 0 eng d
020 _a9780133515046
082 _22015
_aDC 629.24
_bH159
100 _9383
_aHalderman, James D. and Tom Birch
245 _aManual drivetrains and axles/
_cJames D. Halderman
250 _aSeventh Edition
260 _aBoston:
_bPearson Education, Inc.,
_cc2015
300 _axv, 358 pages:
_bColor illustrations;
_c27 cm.
500 _aIncludes index.
650 0 _9385
_aAutomobiles
_xPower trains
650 0 _9386
_aAutomobiles
_xAxles
700 _9387
_aTom Birch
942 _2ddc
_cDC
999 _c212
_d212